000 00711cam a22002294a 4500
001 13288099
005 20180306073818.0
008 030724s2002 nyu b 100 0 eng
010 _a 2003272210
040 _aDLC
_cDLC
_dDLC
041 _aeng
042 _apcc
080 _a613 BUT
082 0 0 _a613 BUT
_222
100 1 _a11
101 _aBIO
245 1 0 _aThreats to longevity :
_cRobert N. Butler.
504 _aIncludes bibliographical references.
906 _a7
_bcbc
_corignew
_d2
_encip
_f20
_gy-gencatlg
942 _2ddc
_cBK
999 _c44183
_d44183